| 000 | 00651nam a22001697a 4500 | ||
|---|---|---|---|
| 999 |
_c15274 _d15274 |
||
| 003 | OSt | ||
| 082 | _2631.3 SUR/DE | ||
| 088 | _aT 58 | ||
| 100 |
_aSURESHKUMAR P. K _92902 |
||
| 245 | _aDevelopment and evaluation of a low cost power operated paddy thresher - um- winnower | ||
| 260 |
_aTavanur 1996 _bKelappaji College of Agricultural Engineering and Technology |
||
| 300 | _a92 | ||
| 500 | _aDevelopment and evaluation of a low cost power operated paddy thresher - um- winnower | ||
| 520 | _aDevelopment and evaluation of a low cost power operated paddy thresher - um- winnower | ||
| 700 |
_aEr. Sankaranarayanan M. R (Guide) _92903 |
||
| 942 | _cTH | ||